ბათუმის შოთა რუსთაველის სახელმწიფო უნივერსიტეტის ბიბლიოთეკა

Architectural Renderings : (ბიბ.ჩანაწერი № 41084)

000 -LEADER
fixed length control field 00591nam a2200217Ia 4500
001 - CONTROL NUMBER
control field 7733
003 - CONTROL NUMBER IDENTIFIER
control field GE_BSU
005 - DATE AND TIME OF LATEST TRANSACTION
control field 20220923112200.0
008 - FIXED-LENGTH DATA ELEMENTS--GENERAL INFORMATION
fixed length control field 181216s2010en xx |||||||||||||| ||eng||
020 ## - INTERNATIONAL STANDARD BOOK NUMBER
International Standard Book Number 978047066410
040 ## - CATALOGING SOURCE
Transcribing agency GE_BSU
041 ## - LANGUAGE CODE
Language code of text/sound track or separate title eng
080 ## - UNIVERSAL DECIMAL CLASSIFICATION NUMBER
Universal Decimal Classification number 72+69 S-32
100 ## - MAIN ENTRY--PERSONAL NAME
Personal name Shillaci,Fabio
9 (RLIN) 14717
245 ## - TITLE STATEMENT
Title Architectural Renderings :
Remainder of title Construction and Desidn Manual /
Statement of responsibility, etc. Fabio Shillaci
264 ## - PRODUCTION, PUBLICATION, DISTRIBUTION, MANUFACTURE, AND COPYRIGHT NOTICE
Place of production, publication, distribution, manufacture Berlin :
Name of producer, publisher, distributor, manufacturer Wiley,
Date of production, publication, distribution, manufacture, or copyright notice 2010.
300 ## - PHYSICAL DESCRIPTION
Extent 465 p.:
Dimensions 28 cm.
653 ## - INDEX TERM--UNCONTROLLED
keyword Architectural Renderings
653 ## - INDEX TERM--UNCONTROLLED
keyword არქიტექტურა
942 ## - ADDED ENTRY ELEMENTS (KOHA)
Koha item type წიგნი
Source of classification or shelving scheme
ეგზემპლარები
Withdrawn status Lost status Source of classification or shelving scheme Damaged status Not for loan Permanent Location Current Location Shelving location Date acquired Cost, normal purchase price Full call number Barcode Date last seen Copy number Price effective from Koha item type Public note
          ბათუმის შოთა რუსთაველის სახელმწიფო უნივერსიტეტის მთავარი ბიბლიოთეკა ტექნოლოგიური ფაკულტეტის ბიბლიოთეკა წიგნსაცავი 2018-12-17 122.00 72+69 S-32 24114 2018-12-17 24114 2018-12-17 წიგნი 122gel.